LEADER 00932nam0-22003491i-450- 001 990003017790403321 005 20070725124238.0 010 $a0709931204 035 $a000301779 035 $aFED01000301779 035 $a(Aleph)000301779FED01 035 $a000301779 100 $a20030910d1987----km-y0itay50------ba 101 0 $aeng 102 $aIT 200 1 $a<>Battle for Britain's Gold Standard in 1931$fDiane B.Kunz. 210 $aLondon$aNew York$aSydney$cCroom Helm$d1987. 215 $aVIII, 207 p.$d21 cm 676 $aE/5 676 $aF/1.402 676 $aJ/5 676 $aO/2.112 702 1$aKunz,$bDiane B. 801 0$aIT$bUNINA$gRICA$2UNIMARC 901 $aBK 912 $a990003017790403321 952 $aF/1.402 KUN$b7038$fSES 952 $aSE 096.02.22-$b1560$fDECSE 959 $aSES 959 $aDECSE 996 $aBattle for Britain's Gold Standard in 1931$9467609 997 $aUNINA LEADER 01781nam 22004933a 450 001 9910765813403321 005 20250204000224.0 010 $a9781417532094 010 $a1417532092 035 $a(CKB)1000000000447586 035 $a(BIP)016636294 035 $a(BIP)006991015 035 $a(ScCtBLL)377a627b-a92c-454e-886d-94d8556f9405 035 $a(OCoLC)1000326708 035 $a(EXLCZ)991000000000447586 100 $a20250204i19032014 uu 101 0 $aeng 135 $auru|||||||||| 181 $ctxt$2rdacontent 182 $cc$2rdamedia 183 $acr$2rdacarrier 200 04$aThe Angevin Empire : $eOr the Three Reigns of Henry II, Richard I, and John (A.D. 1154-1216) /$fJames H. Ramsay 210 1$aLondon :$cOxford University Press,$d1903. 215 $a1 online resource (160 p.) $cill 311 08$a9780340741153 311 08$a0340741155 330 $aThis work lends a wonderfully-comprehensive look at the Angevin Empire, which consists of the reigns of Henry II, Richard I and John from 1154 to 1216. The book documents well the difficult family dynamics that led to war within the family for many years. This volume also features detailed maps and illustrations pertaining to the kings' reigns and the Crusades. 606 $aBiography & Autobiography$2bisacsh 606 $aHistory$2bisacsh 606 $aPolitical Science$2bisacsh 606 $aHistory 608 $aBiographies$2lcgft 615 7$aBiography & Autobiography 615 7$aHistory 615 7$aPolitical Science 615 0$aHistory. 676 $a942.03 700 $aRamsay$b James H$cSir$0117326 801 0$bScCtBLL 801 1$bScCtBLL 906 $aBOOK 912 $a9910765813403321 996 $aThe Angevin Empire$94321732 997 $aUNINA